Quem está aí? (Registo nº 4453)
[ vista simples ]
| 000 -Etiqueta do registo | |
|---|---|
| Cabeçalho | 00953cam a2200313 4500 |
| 005 - Identificador da versão | |
| Campo de controlo | 20240813122101.0 |
| 010 ## - Número internacional normalizado dos livros (ISBN) | |
| Número (ISBN) | 9722621122 |
| 021 ## - Número do Depósito Legal | |
| Código do país | PT |
| Número | 181549/02 |
| 035 ## - Other System Control Numbers | |
| System Control Number | (bn)1159809 |
| System Control Number | 1159809 |
| 003 - Persistent Record Identifier | |
| control field | http://catalogo.bnportugal.pt/ipac20/ipac.jsp?profile=bn&uri=full=3100024~!1159809~!0 |
| 100 ## - Dados gerais de processamento | |
| Dados gerais de processamento | 20030731d2002 d y0pory5003 ba |
| 102 ## - Pais de publicação ou produção | |
| País de publicação | Portugal |
| 101 0# - Língua de publicação | |
| Língua do texto, banda sonora, etc. | Português |
| 106 ## - Campo de dados codificados: material textual | |
| Dados codificados do material textual | r |
| 105 ## - Campo de dados codificados: livros | |
| Dados codificados dos livros | a z 000yy |
| 215 ## - Descrição física | |
| Indicação específica da natureza do documento e extensão da espécie | [25] p. |
| Outras indicações físicas | il. |
| Dimensões | 26 cm |
| 200 1# - Titulo e menção de responsabilidade | |
| Título próprio | Quem está aí? |
| Primeira menção de responsabilidade | Luísa Ducla Soares |
| Outras menções de responsabilidade | il. Maria João Lopes |
| 225 1# - Colecção | |
| Título próprio da colecção | Obra completa de Luísa Ducla Soares |
| 210 ## - Publicação, Distribuição, etc. | |
| Lugar da edição, distribuição, etc. | Porto |
| Nome do editor, distribuidor, etc. | Civilização |
| Data da publicação, distribuição, etc. | 2002 |
| 675 ## - Classificação Decimal Universal (CDU) | |
| Notação | 087.5 |
| Edição | BN |
| Língua da edição | por |
| Notação | 821.134.3-93"19/20" |
| Edição | BN |
| Língua da edição | por |
| Notação | 821.134.3-34"19/20" |
| Edição | BN |
| Língua da edição | por |
| 702 #1 - Nome de autor-pessoa física (responsabilidade secundária) | |
| Número de registo de entrada de autoridade | 0000034 |
| Palavra de ordem | Lopes |
| Outra parte do nome não tomada para palavra de ordem | Maria João |
| Código de função | Ilustrador / Técnico de desenho computorizado |
| 700 #1 - Nome de autor-pessoa física (responsabilidade principal) | |
| Número de registo de entrada de autoridade | 0000789 |
| Palavra de ordem | Soares |
| Outra parte do nome não tomada para palavra de ordem | Luísa Ducla |
| Datas | 1939- |
| 966 ## - Identificação da Biblioteca | |
| Sigla | EBVendas |
| 942 ## - Elementos de entrada adicionados (Koha) | |
| Tipo de item no Koha | Livro |
| Situação do levantamento | Origin of item (home branch) (coded) | Biblioteca de empréstimo | Código de barras | Cota | Circulation type (not for loan) | Tipo de documento | Nota do exemplar | Damaged status |
|---|---|---|---|---|---|---|---|---|
| Biblioteca Escolar das Vendas | Biblioteca Escolar das Vendas | BEV865 | 8POR SOA | Livro | Sem mensagem |
